书目信息 |
| 题名: |
旧唐书 三
|
|
| 作者: | 刘煦 撰 | |
| 分册: | ||
| 出版信息: | 北京 中华书局 |
|
| 页数: | ||
| 开本: | 32开 | |
| 丛书名: | ||
| 单 册: | ||
| 中图分类: | K242.042 | |
| 科图分类: | ||
| 主题词: | 中国--历史 | |
| 电子资源: | ||
| ISBN: | ||
| 000 | 00483nam0 2200181 45 | |
| 001 | 0103270973 | |
| 005 | 20010327092836.4 | |
| 100 | @a20010327d km y0chiy0120 ea | |
| 101 | 0 | @achi |
| 105 | @a z 000yy | |
| 200 | 1 | @a旧唐书 三@AJiu Tang Shu San@f(后晋)刘煦等撰@F(Hou Jin)Liu Xu Deng Zhuan |
| 210 | @a北京@c中华书局 | |
| 215 | @d32开 | |
| 606 | 0 | @a中国@x历史 |
| 690 | @aK242.042@v3 | |
| 701 | 0 | @a刘煦@4撰 |
| 801 | @aCN@bPftUser@c20010327 | |
| 905 | @b332523@dK242.042@eL798:3@f1 | |
| 旧唐书 三/(后晋)刘煦等撰.-北京:中华书局 |
| 32开 |
| ISBN : |
| ● |
| 相关链接 |
|
|
|
正题名:旧唐书三
索取号:K242.042/L798:3
 
预约/预借
| 序号 | 登录号 | 条形码 | 馆藏地/架位号 | 状态 | 备注 |
| 1 | 332523 | 203325231 | 自科二线404/309社科库 38排5列3层/ [索取号:K242.042/L798:3] | 在馆 |